Länder nach Region #2 - Statistiken

Allgemein
  • Dieses Quiz wurde 98 mal gespielt
  • Das Durchschnittsergebnis liegt bei 11 aus 16
Antwortstatistiken
Region # Antwort % Korrekt
Koreanische Halbinsel 2
96%
Amazonasbecken 9
95%
Benelux 3
93%
Horn von Afrika 4
88%
Gobi-Wüste 2
86%
Bergland von Guayana (Guayana-Schild) 5
81%
Fruchtbarer Halbmond 9
77%
Maghreb 5
76%
Pampa 3
70%
Großer Afrikanischer Grabenbruch 8
69%
Korallendreieck 10
61%
Südkegel 4
52%
Okavango-Delta 3
51%
Levante 4
40%
Zagros-Gebirge 3
31%
Pannonische Tiefebene 8
28%
Keine übereinstimmenden Quizze gefunden
Verteilung der Resultate
Anzahl Personen mit jedem Resultat
Perzentil nach korrekt beantworteten Fragen
Ihre Resultats-Entwicklung
Sie haben dieses Quiz noch nicht gespielt